Elaboración de anteproyectos y desarrollo de proyectos para la Universidad Nacional de Ingeniería

Presenta el desarrollo de planos arquitectónicos constructivos del edificio 01, edificio representativo del plan maestro Recinto Universitario Simón Bolívar, se actualiza la propuesta del plan maestro y muestra dos anteproyectos: Anteproyecto plaza Latinoamericana, plan maestro CIEMA, además mue...

Full description

Bibliographic Details
Main Author: Núñez Cárdenas, Gladys Margarita
Other Authors: Tutor: Rosales Rivera, Benjamin
Format: Tesis Section = Libro
Language:Undetermined
Spanish
Published: Managua UNI 2007
Subjects:
LEADER 01304nam a2200253Ia 4500
008 240830s9999 xx 000 0 und d
040 |a BIBLIOTECA-RUSB/ Mon 727.4 N972 
041 |a spa 
082 |a Mon 727.4 N972 
100 1 |a Núñez Cárdenas, Gladys Margarita 
245 1 0 |a Elaboración de anteproyectos y desarrollo de proyectos para la Universidad Nacional de Ingeniería 
260 |a Managua  |b UNI  |c 2007 
300 |a 102 p. :il. 
500 |a Informe de prácticas profesionales supervisadas. 
502 |a Tesis (Arquitecto) - UNI, 2007. 
520 3 |a Presenta el desarrollo de planos arquitectónicos constructivos del edificio 01, edificio representativo del plan maestro Recinto Universitario Simón Bolívar, se actualiza la propuesta del plan maestro y muestra dos anteproyectos: Anteproyecto plaza Latinoamericana, plan maestro CIEMA, además muestra el proyecto de obras exteriores de postgrado y la realización de dos Take off y cuatro remodelaciones. 
650 7 |a ARQUITECTURA - EDIFICIOS UNIVERSITARIOS 
650 7 |b  CIUDADES UNIVERSITARIAS - PLANIFICACION 
650 7 |c  RECINTOS UNIVERSITARIOS - DISEÑO ARQUITECTONICO 
650 7 |d  PLANOS ARQUITECTÓNICOS - UNI 
700 1 |a Tutor:  |b Rosales Rivera, Benjamin 
942 |c BK  |2 ddc 
991 |a TESIS 
999 |c 21406